000 01162nam a2200133 4500
008 821.92 L998m
082 _a821.92
_bL998m
100 _aLytton Regalado, Alexandra
_96856
245 _aMatria
260 _aEstados Unidos
_bBlack Lawrence Press
_c2014
300 _a89
_c24 x 16.5 cm
505 _tEl Chandelier
_tSalvadoran Road Bingo
_tLOTERIA I
_tLa Cachiporrista
_tLa Lluvia
_tLa Enfermera
_tLa Papalota
_tLa Quinceañera
_tLa Caña
_tLa Mesa
_tLa Jícara
_tLa Moneda
_tLa Mosca
_tLa Vecina
_tLa Jarra
_tLa Maestra
_tLa Calavera
_tLa Gallina
_tLA SEMILLA
_tHombres de Maíz: Variations on Mayan Creation Story
_tLand O
_tReturn to the house on the Cul-de-Sac
_tFine or nothing
_tFrom everglades series #22, Chromogenic Print with Flash Whisbone
_tFrom everglades series #22, Chromogenic Print with Flash Whisbone
_tWhisbone
_tThis is Grace, He says
_tRip the Stitches
_tChabelita Sings Cielito Lindo as She Sweeps the Dining Room Floor
_tChabelita clears de Table
_tLOTERIA II
_tLa Medusa
_tChabelita clears de Table
_tChabelita clears de Table
_tChabelita clears de Table
_tChabelita clears de Table
_tChabelita clears de Table
650 _xliteratura
_xpoesía
_xEstados Unidos
_96857
999 _c1703
_d1703